| 000 | 01227nam a2200313 a 4500 | ||
|---|---|---|---|
| 001 | ebr10348930 | ||
| 003 | CaPaEBR | ||
| 006 | m u | ||
| 007 | cr cn||||||||| | ||
| 008 | 090519s2008 cau sb 001 0 eng d | ||
| 010 | _z 2009278498 | ||
| 020 | _z9780804760904 | ||
| 020 | _z080476090X | ||
| 040 |
_aCaPaEBR _cCaPaEBR |
||
| 035 | _a(OCoLC)646864145 | ||
| 050 | 1 | 4 |
_aJZ5538 _b.P365 2008eb |
| 082 | 0 | 4 |
_a327.1/7 _222 |
| 245 | 0 | 4 |
_aThe paradoxes of peacebuilding post-9/11 _h[electronic resource] / _cedited by Stephen Baranyi. |
| 260 |
_aStanford, Calif. : _bStanford Security Studies, _cc2008. |
||
| 300 | _axvi, 359 p. | ||
| 504 | _aIncludes bibliographical references (p. [324]-344) and index. | ||
| 533 |
_aElectronic reproduction. _bPalo Alto, Calif. : _cebrary, _d2013. _nAvailable via World Wide Web. _nAccess may be limited to ebrary affiliated libraries. |
||
| 650 | 0 |
_aPeace-building _vCase studies. |
|
| 650 | 0 | _aSeptember 11 Terrorist Attacks, 2001. | |
| 655 | 7 |
_aElectronic books. _2local |
|
| 700 | 1 |
_aBaranyi, Stephen, _d1962- |
|
| 710 | 2 | _aebrary, Inc. | |
| 856 | 4 | 0 |
_uhttp://site.ebrary.com/lib/rucke/Doc?id=10348930 _zAn electronic book accessible through the World Wide Web; click to view |
| 999 |
_c29600 _d29600 |
||